[Event "Julius Baer Rapid Div 3 W"]
[Site "chess.com INT"]
[Date "2023.08.30"]
[Round "2.2"]
[White "Vokhidov, Shamsiddin"]
[Black "Bacrot, Etienne"]
[Result "1/2-1/2"]
[WhiteTitle "GM"]
[BlackTitle "GM"]
[WhiteElo "2578"]
[BlackElo "2660"]
[WhiteFideId "14204223"]
[BlackFideId "605506"]
[EventDate "2023.08.30"]
[EventType "k.o."]

1. e4 e6 2. d4 d5 3. Nc3 Nf6 4. Bg5 dxe4 5. Nxe4 Be7 6. Bxf6 gxf6 7. Nf3 f5 8.
Nc3 a6 9. g3 b5 10. Bg2 Bb7 11. O-O b4 12. Ne2 Nd7 13. Nf4 Bd6 14. Nd3 a5 15.
Re1 Nf6 16. c4 bxc3 17. bxc3 O-O 18. c4 Bb4 19. Nxb4 axb4 20. d5 exd5 21. Nh4
Bc8 22. cxd5 Ra5 23. Re5 Ng4 24. Rxf5 Bxf5 25. Nxf5 Qg5 26. Be4 Kh8 27. h4 Qf6
28. Rc1 Rg8 29. Qd2 Qe5 30. Re1 Qc3 31. Re2 Qxd2 32. Rxd2 Nf6 33. Bf3 Rd8 34.
Ne7 Rc5 35. Kg2 Rd7 36. Re2 Kg7 37. Nf5+ Kf8 38. Ne3 Nxd5 39. Nxd5 Rcxd5 40.
Bxd5 Rxd5 41. Re3 Rd2 42. a3 bxa3 43. Rxa3 Rc2 44. Kf3 Kg7 45. Ra6 h6 46. Ke3
Kh7 47. g4 Kg7 48. f4 Rg2 49. Kf3 Rc2 50. g5 hxg5 51. hxg5 Rc1 52. Kg4 Rg1+ 53.
Kf5 Rc1 54. Ra5 Rc4 55. Rd5 Rc1 56. Rd7 Rc5+ 57. Kg4 Rc4 58. Rd5 Kg6 59. Re5 c6
60. Rf5 Kg7 61. Rf6 Kg8 62. Rd6 Kg7 63. Rd8 Rc1 64. Rd7 Rc4 65. Kf5 Rc5+ 66. Ke4
Rc4+ 67. Ke5 Rc5+ 68. Kd4 Rc1 69. Ke4 Rc4+ 70. Kf3 Rc3+ 71. Kg4 Rc4 72. Rd6 Rc1
73. Rd4 Kg6 74. Rd6+ Kg7 75. Rd8 Rc2 76. f5 Rg2+ 77. Kh4 Rh2+ 78. Kg3 Rh1 79.
Rd7 Rg1+ 80. Kf4 Rf1+ 81. Ke5 Re1+ 82. Kd6 Rf1 83. Ke5 Re1+ 84. Kd6 Rf1 85. Ke5 1/2-1/2

[Event "Julius Baer Rapid Div 3 W"]
[Site "chess.com INT"]
[Date "2023.08.30"]
[Round "2.2"]
[White "Santos Latasa, Jaime"]
[Black "Mamedyarov, Shakhriyar"]
[Result "1-0"]
[WhiteTitle "GM"]
[BlackTitle "GM"]
[WhiteElo "2647"]
[BlackElo "2734"]
[WhiteFideId "2293307"]
[BlackFideId "13401319"]
[EventDate "2023.08.30"]
[EventType "k.o."]

1. d4 d5 2. Nf3 c5 3. c4 cxd4 4. cxd5 Nf6 5. Qxd4 Qxd5 6. Nc3 Qxd4 7. Nxd4 a6 8.
g3 e5 9. Nc2 Nc6 10. Bg5 Nb4 11. Nxb4 Bxb4 12. Bg2 Rb8 13. O-O Bxc3 14. bxc3 b5
15. Rfd1 O-O 16. Be3 Be6 17. Bc5 Rfe8 18. Bc6 Red8 19. Bd6 Rbc8 20. Bb7 Rc4 21.
Bxe5 Nd7 22. Bxa6 Ra8 23. Bb7 Ra7 24. Bf3 h6 25. Bd4 Ra3 26. Rdb1 Ra5 27. e3
Rca4 28. Bc6 Nb8 29. Bxb5 Rxa2 30. c4 Nd7 31. Rxa2 Rxa2 32. c5 Rc2 33. c6 Nf6
34. e4 Ba2 35. Ra1 Be6 36. e5 1-0

[Event "Julius Baer Rapid Div 3 W"]
[Site "chess.com INT"]
[Date "2023.08.30"]
[Round "2.2"]
[White "Salinas Herrera, Pablo"]
[Black "Aradhya, Garg"]
[Result "0-1"]
[WhiteTitle "GM"]
[BlackTitle "FM"]
[WhiteElo "2460"]
[BlackElo "2344"]
[WhiteFideId "3407128"]
[BlackFideId "25006746"]
[EventDate "2023.08.30"]
[EventType "k.o."]

1. e4 e5 2. Nf3 Nc6 3. Bb5 a6 4. Ba4 Nge7 5. Nc3 d6 6. a3 Be6 7. d4 b5 8. d5
bxa4 9. dxe6 fxe6 10. Ng5 Qd7 11. Be3 Ng6 12. Qg4 Nd4 13. Nxh7 Ne7 14. Nxf8
Nxc2+ 15. Kd2 Nxe3 16. Qxe6 Rxf8 17. Qxd7+ Kxd7 18. Kxe3 Rab8 19. Nxa4 Nc6 20.
Rac1 Nd4 21. Rhd1 c5 22. f3 Rb5 23. Rc4 Rfb8 24. Rd2 Kc6 25. b4 a5 26. bxc5 dxc5
27. f4 Rb3+ 28. Kf2 Kb5 29. Rxc5+ Kxa4 30. Rxe5 Rb2 31. Rxb2 Rxb2+ 32. Ke3 Nc2+
33. Kd3 Ne1+ 34. Kd4 Rxg2 35. Rc5 Nc2+ 36. Kd5 Nxa3 37. e5 Rd2+ 38. Kc6 Re2 39.
Kb6 Kb4 40. Rc7 g6 41. Rg7 Re4 42. Rxg6 Rxf4 43. e6 Re4 44. Kc6 Nc4 45. Rf6 a4
46. Kd7 a3 47. e7 a2 48. Rf1 Ne5+ 49. Kd6 Ng6 50. h4 Nxe7 51. h5 Nc8+ 52. Kc7
Rc4+ 53. Kb8 Rh4 54. Kxc8 Rxh5 55. Rf4+ Kb5 56. Rf1 Rh3 57. Kb7 Ra3 58. Rf5+ Kc4
59. Rf4+ Kd5 60. Rf5+ Ke4 0-1

[Event "Julius Baer Rapid Div 3 W"]
[Site "chess.com INT"]
[Date "2023.08.30"]
[Round "2.2"]
[White "Kramnik, Vladimir"]
[Black "Kamsky, Gata"]
[Result "1/2-1/2"]
[WhiteTitle "GM"]
[BlackTitle "GM"]
[WhiteElo "2753"]
[BlackElo "2641"]
[WhiteFideId "4101588"]
[BlackFideId "2000024"]
[EventDate "2023.08.30"]
[EventType "k.o."]

1. e4 c5 2. Nf3 e6 3. d4 cxd4 4. Nxd4 a6 5. c4 Nf6 6. Nc3 Bb4 7. Qd3 d5 8. exd5
exd5 9. Be2 O-O 10. O-O Nc6 11. Nxd5 Nxd5 12. Nxc6 bxc6 13. cxd5 Qxd5 14. Qg3
Bf5 15. Rd1 Qe6 16. Be3 a5 17. Rac1 Rad8 18. Rxd8 Rxd8 19. a3 Bd6 20. Qh4 Rc8
21. Bf3 c5 22. g3 c4 23. Bd4 h6 24. Bc3 a4 25. Qd4 Bf8 26. Re1 Qg6 27. Bb7 Rb8
28. Bd5 Rc8 29. Bxc4 Bc5 30. Qd5 Bh3 31. Bd3 Qb6 32. Qf3 Bd4 33. g4 Qf6 34. Qxf6
Bxf6 35. Bxf6 gxf6 36. f3 Rd8 37. Re3 h5 38. gxh5 Kg7 39. Kf2 Be6 40. Be4 f5 41.
Bc6 Bb3 42. Re2 Kh6 43. Kg3 Rd4 44. f4 Kxh5 45. Bf3+ Kg6 46. Rf2 Rd3 47. Kh4 Rd4
48. Bh5+ Kh6 49. h3 Be6 50. Be2 Rd2 51. Kg3 Rxb2 52. Bd1 Rb6 53. Bc2 Rc6 54. Bd1
Rd6 55. Bc2 Rc6 56. Bxa4 Ra6 57. Bd1 Rxa3+ 58. Kh2 Rd3 59. Bf3 Rd4 60. Kg3 Rd3
61. Kh4 Rd4 62. Bg2 Rb4 63. Bf1 Rd4 64. Bb5 Rb4 65. Bc6 Rc4 66. Be8 Rc3 67. Bb5
Kg6 68. Be2 Kh6 69. Bf3 Ra3 70. Bc6 Rc3 71. Bb7 Rb3 72. Ba8 Ra3 73. Bg2 Rc3 74.
Rf3 Rc2 75. Bf1 Bd5 76. Rd3 Rf2 77. Kg3 Rxf1 78. Rxd5 Kg6 79. Rd4 Rg1+ 80. Kf2
Rh1 81. Kg2 Rb1 82. Rd6+ f6 83. Rd3 Rc1 84. Kf3 Rh1 85. Kg3 Rg1+ 86. Kf2 Rh1 87.
Rg3+ Kh6 88. Kg2 Rc1 89. Rg8 Rc3 90. Rh8+ Kg7 91. Re8 Kg6 92. Re6 Rb3 93. Re2
Kh5 94. Re8 Kg6 95. Rg8+ Kh6 96. Rg3 Rb2+ 97. Kg1 Rb4 98. Rf3 Kh5 99. Kg2 Kh4
100. Rf2 Rb3 101. Rd2 Rg3+ 102. Kf2 Rxh3 103. Rd6 Kg4 104. Rxf6 Kxf4 105. Ra6
Rh2+ 106. Kg1 Rb2 107. Ra3 Kg4 108. Rc3 f4 109. Ra3 f3 110. Ra8 Rb1+ 111. Kf2
Rb2+ 112. Kf1 Rb1+ 113. Kf2 Rb2+ 114. Kf1 Rb1+ 115. Kf2 1/2-1/2

[Event "Julius Baer Rapid Div 3 W"]
[Site "chess.com INT"]
[Date "2023.08.30"]
[Round "2.2"]
[White "Sevian, Samuel"]
[Black "Ter-Sahakyan, Samvel"]
[Result "1/2-1/2"]
[WhiteTitle "GM"]
[BlackTitle "GM"]
[WhiteElo "2698"]
[BlackElo "2614"]
[WhiteFideId "2040506"]
[BlackFideId "13302531"]
[EventDate "2023.08.30"]
[EventType "k.o."]

1. d4 Nf6 2. Nf3 g6 3. Nbd2 d5 4. b3 a5 5. e3 Bg7 6. c4 O-O 7. Be2 c5 8. Bb2
cxd4 9. Nxd4 a4 10. bxa4 Na6 11. cxd5 Nc5 12. Bb5 Bd7 13. O-O Nxa4 14. Bxa4 Bxa4
15. N4b3 Qxd5 16. Qf3 Qd7 17. Nc4 Bc6 18. Ne5 Bxf3 19. Nxd7 Nxd7 20. Bxg7 Bxg2
21. Bxf8 Bxf1 22. Bxe7 Bc4 23. Rd1 Ne5 24. Nc5 Kg7 25. Ne4 f5 26. Bf6+ Kf7 27.
Bxe5 fxe4 28. Bc3 Bd3 29. Rd2 Ke6 30. Rb2 b5 31. Bb4 Kd5 32. a3 Rc8 33. Bd2 Ra8
34. Bb4 Ra6 35. h3 g5 36. Be7 h6 37. Kg2 Re6 38. Bf8 Rf6 39. Bg7 Ra6 40. Bf8 Kc4
41. Rb4+ Kc3 42. Rd4 Kd2 43. Rb4 Rf6 44. Bg7 Ra6 45. Bf8 h5 46. Rb2+ Kc1 47. Rb4
Kd1 48. Be7 Rg6 49. a4 bxa4 50. Rxa4 g4 51. h4 Ke2 52. Ra2+ Kd1 53. Bg5 Rc6 54.
Bf4 Be2 55. Ra1+ Kd2 56. Ra2+ Kd3 57. Ra3+ Rc3 58. Rxc3+ Kxc3 59. Kg3 Bc4 1/2-1/2

[Event "Julius Baer Rapid Div 3 W"]
[Site "chess.com INT"]
[Date "2023.08.30"]
[Round "2.2"]
[White "Bok, Benjamin"]
[Black "Makarian, Rudik"]
[Result "1/2-1/2"]
[WhiteTitle "GM"]
[BlackTitle "IM"]
[WhiteElo "2621"]
[BlackElo "2548"]
[WhiteFideId "1017063"]
[BlackFideId "44105681"]
[EventDate "2023.08.30"]
[EventType "k.o."]

1. d4 Nf6 2. c4 e6 3. Nc3 d5 4. cxd5 exd5 5. Bg5 c6 6. e3 Bf5 7. Qf3 Bg6 8. Bxf6
Qxf6 9. Qxf6 gxf6 10. h4 h5 11. Kd2 Nd7 12. Bd3 Bd6 13. g3 a5 14. Nh3 Nb6 15.
Ke2 a4 16. Rhd1 a3 17. b3 Ke7 18. Kf3 Bb4 19. Rac1 Ra5 20. Nf4 Rg8 21. Nce2 Nc8
22. Bxg6 fxg6 23. Nd3 Rb5 24. Nxb4 Rxb4 25. Rc5 Nd6 26. Ra5 g5 27. Rxa3 Ne4 28.
Rh1 Kd6 29. Kg2 g4 30. Nf4 Rh8 31. Rc1 Rb5 32. Nd3 Kc7 33. Rc2 Kb6 34. b4 Kc7
35. Rb3 Nd6 36. a4 Rb6 37. Nc5 Ra8 38. Ra2 f5 39. a5 Rb5 40. Rab2 Nc4 41. Rc2
Kd6 42. Rc1 b6 43. axb6 Rxb6 44. Rc2 Ra1 45. Nd3 Kd7 46. Rbc3 Rb1 47. Ra2 Rd1
48. Ra7+ Kc8 49. Ra8+ Kb7 50. Ra2 Kc7 51. Ra7+ Kb8 52. Ra2 Rb7 53. Rac2 Ra7 54.
Rc1 Rd2 55. Ne5 Raa2 56. Rf1 Rac2 57. Nxc4 dxc4 58. Rxc2 Rxc2 59. Ra1 c3 60. Ra5
Kb7 61. Rxf5 Rd2 62. Rxh5 1/2-1/2

[Event "Julius Baer Rapid Div 3 W"]
[Site "chess.com INT"]
[Date "2023.08.30"]
[Round "2.2"]
[White "Flores, Diego"]
[Black "Le, Tuan Minh"]
[Result "0-1"]
[WhiteTitle "GM"]
[BlackTitle "GM"]
[WhiteElo "2534"]
[BlackElo "2559"]
[WhiteFideId "108049"]
[BlackFideId "12401153"]
[EventDate "2023.08.30"]
[EventType "k.o."]

1. c4 c6 2. Nf3 d5 3. e3 Nf6 4. Nc3 a6 5. d4 Bf5 6. Be2 e6 7. Nh4 Be4 8. f3 Bg6
9. O-O Bd6 10. g3 Nbd7 11. c5 Bc7 12. Nxg6 hxg6 13. f4 Ba5 14. Rb1 Bxc3 15. bxc3
Rb8 16. Bd3 O-O 17. Qc2 b6 18. cxb6 Rxb6 19. Ba3 Re8 20. c4 c5 21. dxc5 Rc6 22.
cxd5 exd5 23. Rfe1 Qc7 24. e4 dxe4 25. Bxe4 Rce6 26. Rb7 Qxb7 27. Bxb7 Rxe1+ 28.
Kf2 Ng4+ 29. Kf3 Ndf6 30. Bc1 Rf1+ 31. Kg2 Ree1 32. h3 Rxc1 0-1

[Event "Julius Baer Rapid Div 3 W"]
[Site "chess.com INT"]
[Date "2023.08.30"]
[Round "2.2"]
[White "Lupulescu, Constantin"]
[Black "Giri, Anish"]
[Result "1/2-1/2"]
[WhiteTitle "GM"]
[BlackTitle "GM"]
[WhiteElo "2581"]
[BlackElo "2760"]
[WhiteFideId "1207822"]
[BlackFideId "24116068"]
[EventDate "2023.08.30"]
[EventType "k.o."]

1. d4 d5 2. c4 c6 3. Nf3 Nf6 4. e3 Bf5 5. Nc3 e6 6. Nh4 Be4 7. f3 Bg6 8. Bd2 Be7
9. Nxg6 hxg6 10. Qc2 dxc4 11. Bxc4 Nd5 12. O-O-O Nb4 13. Qb1 Nd7 14. a3 Nd5 15.
Qc2 a5 16. Bd3 Nxc3 17. Bxc3 b5 18. Be1 Qb6 19. h4 a4 20. Bb4 c5 21. dxc5 Bxc5
22. Be4 Rc8 23. Kb1 f5 24. Qd2 Nf6 25. Bxc5 Rxc5 26. Bd3 O-O 27. g4 fxg4 28.
fxg4 Nxg4 29. Qg2 Nf6 30. Qxg6 b4 31. Rhg1 Rc7 32. axb4 Qxb4 33. Rg2 a3 34. h5
axb2 35. Rxb2 Qg4 36. Rg1 Qxh5 37. Qxh5 Nxh5 38. Bg6 Nf6 39. Rh1 Rfc8 40. e4 e5
41. Rb5 Rc5 42. Rb7 R5c7 43. Rb5 Rc5 44. Rb7 R5c7 45. Rb5 1/2-1/2

[Event "Julius Baer Rapid Div 3 W"]
[Site "chess.com INT"]
[Date "2023.08.30"]
[Round "2.3"]
[White "Santos Latasa, Jaime"]
[Black "Mamedyarov, Shakhriyar"]
[Result "1/2-1/2"]
[WhiteTitle "GM"]
[BlackTitle "GM"]
[WhiteElo "2647"]
[BlackElo "2734"]
[WhiteFideId "2293307"]
[BlackFideId "13401319"]
[EventDate "2023.08.30"]
[EventType "k.o."]

1. Nf3 d5 2. d4 c5 3. c4 cxd4 4. cxd5 Nf6 5. Qxd4 Qxd5 6. Nc3 Qxd4 7. Nxd4 a6 8.
Bg5 e5 9. Nc2 Be6 10. g3 Nc6 11. Bg2 Be7 12. O-O Rc8 13. Rfd1 O-O 14. Ne3 Rfd8
15. Bxf6 Bxf6 16. Ned5 Kf8 17. e3 Be7 18. Na4 Na5 19. Nab6 Rc2 20. b3 Bc5 21.
Na4 Ba3 22. Be4 Rc6 23. b4 Rcd6 24. Nac3 Bxd5 25. Nxd5 Nc6 26. Rd3 Nxb4 27. Nxb4
Bxb4 28. Rb3 a5 29. a3 Rd1+ 30. Rxd1 Rxd1+ 31. Kg2 Bd6 32. Rb5 b6 33. Rxb6 Bxa3
34. Rb5 Bb4 35. Rxe5 Rd6 36. Rb5 g6 37. Bd5 Rd7 38. f4 Kg7 39. Kf3 Ra7 40. e4
Be7 41. e5 a4 42. Ba2 a3 43. g4 Rc7 44. Ra5 Rc2 45. Bd5 Rc5 46. Rxc5 Bxc5 47. h4
f6 48. exf6+ Kxf6 49. g5+ Kg7 50. Kg4 h6 51. Bc4 Bd6 52. gxh6+ Kxh6 53. f5 gxf5+
54. Kxf5 Be7 55. Ke4 Bxh4 56. Kd3 a2 57. Bxa2 1/2-1/2

[Event "Julius Baer Rapid Div 3 W"]
[Site "chess.com INT"]
[Date "2023.08.30"]
[Round "2.3"]
[White "Salinas Herrera, Pablo"]
[Black "Aradhya, Garg"]
[Result "1-0"]
[WhiteTitle "GM"]
[BlackTitle "FM"]
[WhiteElo "2460"]
[BlackElo "2344"]
[WhiteFideId "3407128"]
[BlackFideId "25006746"]
[EventDate "2023.08.30"]
[EventType "k.o."]

1. e4 e5 2. Nf3 Nc6 3. Bb5 a6 4. Ba4 Nge7 5. Nc3 d6 6. a3 Be6 7. Ng5 b5 8. Nxe6
fxe6 9. Bb3 Nd4 10. Ba2 Nec6 11. Nb1 b4 12. c3 bxc3 13. dxc3 Nb5 14. Bxe6 Nba7
15. O-O Be7 16. f4 exf4 17. Bxf4 Bf6 18. Nd2 Qe7 19. Bd5 O-O-O 20. Qa4 Nb8 21.
Nc4 Qe8 22. Qb3 Qb5 23. Qd1 Rhe8 24. Be3 c6 25. Qg4+ Nd7 26. Nxd6+ Kb8 27. Bxa7+
Kxa7 28. Nxb5+ cxb5 29. Rad1 Ne5 30. Qg3 Re7 31. Qf2+ Kb8 32. Qb6+ Kc8 33. Rxf6
gxf6 34. Bb7+ Rxb7 35. Rxd8# 1-0

[Event "Julius Baer Rapid Div 3 W"]
[Site "chess.com INT"]
[Date "2023.08.31"]
[Round "3.1"]
[White "Bacrot, Etienne"]
[Black "Mamedyarov, Shakhriyar"]
[Result "1/2-1/2"]
[WhiteTitle "GM"]
[BlackTitle "GM"]
[WhiteElo "2660"]
[BlackElo "2734"]
[WhiteFideId "605506"]
[BlackFideId "13401319"]
[EventDate "2023.08.30"]
[EventType "k.o."]

1. d4 d5 2. c4 dxc4 3. Nf3 a6 4. e3 b5 5. a4 Bb7 6. b3 e6 7. bxc4 bxc4 8. Bxc4
Nf6 9. O-O c5 10. Nbd2 cxd4 11. Nxd4 Nc6 12. Bb2 Bd6 13. N4f3 O-O 14. Qe2 Qe7
15. Rab1 Rfd8 16. Rfd1 Bb4 17. Bd3 a5 18. Nc4 h6 19. Nb6 Rab8 20. Bb5 Rxd1+ 21.
Rxd1 Rd8 22. h3 Ne4 23. Qc2 Ng5 24. Rxd8+ Nxd8 25. Ne5 Be4 26. Qc8 Bb7 27. Qc4
Ne4 28. Qd4 Qf6 29. Nd3 Qxd4 30. Bxd4 Bc3 31. Nc5 Bxd4 32. exd4 Nc3 33. Nc4 Bc6
34. Nxa5 Bxb5 35. axb5 Nxb5 36. Ncb3 Kf8 37. Kf1 Ke7 38. Ke2 Kd6 39. Nc4+ Kd5
40. Ne3+ Kd6 41. Nc4+ Kd5 42. Kd3 Nc6 43. Ne3+ Kd6 44. Nc4+ Ke7 45. Ne3 f5 46.
g3 Nd6 47. Nd2 g5 48. Nec4 Nb5 49. Nb3 Nb4+ 50. Kd2 Kf6 51. Ne3 h5 52. f3 f4 53.
gxf4 gxf4 54. Ng2 Kg5 55. h4+ Kf5 56. Ne1 Nc6 57. Kd3 Ne7 58. Ng2 Nc6 59. Ne1
Nc7 60. Nd2 Nd5 61. Ng2 Ncb4+ 62. Ke2 Nc2 63. Kd3 Nce3 64. Ne1 Ne7 65. Nc4 Nxc4
66. Kxc4 Ng6 67. Ng2 Nxh4 68. Nxh4+ Kg5 69. Ng2 h4 70. Nxh4 Kxh4 71. d5 exd5+
72. Kxd5 Kg5 73. Ke5 Kg6 74. Kxf4 Kf6 75. Ke4 Ke6 76. f4 Kf6 77. f5 Kf7 78. Ke5
Ke7 79. f6+ Kf7 80. Kf5 Kf8 81. Ke6 Ke8 82. f7+ Kf8 83. Kf6 1/2-1/2

[Event "Julius Baer Rapid Div 3 W"]
[Site "chess.com INT"]
[Date "2023.08.31"]
[Round "3.1"]
[White "Bok, Benjamin"]
[Black "Salinas Herrera, Pablo"]
[Result "1-0"]
[WhiteTitle "GM"]
[BlackTitle "GM"]
[WhiteElo "2621"]
[BlackElo "2460"]
[WhiteFideId "1017063"]
[BlackFideId "3407128"]
[EventDate "2023.08.30"]
[EventType "k.o."]

1. c4 c6 2. d4 d5 3. cxd5 cxd5 4. Bf4 Nc6 5. e3 Bf5 6. Nc3 e6 7. Nf3 Bd6 8. Bxd6
Qxd6 9. Be2 Nge7 10. O-O h6 11. Qb3 O-O 12. Rfc1 Qb4 13. Nd2 Rfc8 14. a3 Qa5 15.
h3 Bg6 16. Nf3 Qd8 17. Na4 Na5 18. Qd1 Bh5 19. Nc5 Bxf3 20. Bxf3 b6 21. Nd3 Nf5
22. Ne5 Nd6 23. Be2 b5 24. Rxc8 Rxc8 25. Rc1 Nac4 26. Rc2 a5 27. Qc1 Nxe5 28.
Rxc8 Qxc8 29. Qxc8+ Nxc8 30. dxe5 b4 31. axb4 axb4 32. Bb5 Nb6 33. b3 f6 34.
exf6 gxf6 35. f4 e5 36. fxe5 fxe5 37. Kf2 Kf7 38. g4 Kf6 39. h4 Nc8 40. Bd3 e4
41. Bc2 Ne7 42. Kg3 Ke5 43. Bd1 Nc6 44. g5 hxg5 45. hxg5 Kf5 46. Kh4 Ne5 47. Kh5
Ke6 48. Kh6 Kf7 49. g6+ Kg8 50. g7 Nf7+ 51. Kg6 Nd6 52. Bg4 1-0

[Event "Julius Baer Rapid Div 3 W"]
[Site "chess.com INT"]
[Date "2023.08.31"]
[Round "3.1"]
[White "Kamsky, Gata"]
[Black "Sevian, Samuel"]
[Result "1/2-1/2"]
[WhiteTitle "GM"]
[BlackTitle "GM"]
[WhiteElo "2641"]
[BlackElo "2698"]
[WhiteFideId "2000024"]
[BlackFideId "2040506"]
[EventDate "2023.08.30"]
[EventType "k.o."]

1. d4 Nf6 2. Nf3 d5 3. c4 e6 4. g3 dxc4 5. Bg2 c5 6. O-O Nc6 7. dxc5 Qxd1 8.
Rxd1 Bxc5 9. Nbd2 c3 10. bxc3 O-O 11. Nb3 Be7 12. Nfd4 Nxd4 13. cxd4 Nd5 14. Bd2
f5 15. Na5 b6 16. Nc6 Bf6 17. e3 Bb7 18. Nb4 Rfc8 19. a4 a6 20. Rdb1 Rab8 21.
Nd3 Be7 22. Rb2 Bc6 23. Ne5 Be8 24. e4 fxe4 25. Bxe4 Nc3 26. Bxc3 Rxc3 27. Bd3
Ra3 28. Rab1 Rxa4 29. Rxb6 Rxb6 30. Rxb6 Rxd4 31. Rxe6 Kf8 32. Bxa6 Rd6 33. Bc4
Rxe6 34. Bxe6 Bd6 35. Nc4 Bc5 36. Bd5 Bb5 37. Nd2 Ke7 38. Kg2 Bb4 39. Nf3 Kf6
40. Be4 h6 41. h4 g5 42. hxg5+ hxg5 43. Nh2 Bd7 44. Nf1 Bc5 45. Ne3 Bxe3 46.
fxe3 Ke5 47. Bd3 Bc6+ 48. Kf2 Bd7 49. Kf3 Be6 50. Ke2 Bg4+ 51. Kd2 Bd7 52. Kc3
Kd5 53. Kd2 Be8 54. Bf1 Bg6 55. Bg2+ Ke5 56. Bf3 Bf5 57. Kc3 Bg6 58. Kd2 Bf5 59.
Be2 Be6 60. Bd3 Bf7 61. Kc3 Bd5 62. Kb4 Be4 63. Kc4 Bd5+ 64. Kc5 Bf3 65. Kc4
Bd5+ 66. Kc3 Bf3 67. Kd2 Bd5 68. Kc3 Bf3 69. Kd2 Bd5 70. Kc3 1/2-1/2

[Event "Julius Baer Rapid Div 3 W"]
[Site "chess.com INT"]
[Date "2023.08.31"]
[Round "3.1"]
[White "Le, Tuan Minh"]
[Black "Giri, Anish"]
[Result "1-0"]
[WhiteTitle "GM"]
[BlackTitle "GM"]
[WhiteElo "2559"]
[BlackElo "2760"]
[WhiteFideId "12401153"]
[BlackFideId "24116068"]
[EventDate "2023.08.30"]
[EventType "k.o."]

1. d4 Nf6 2. Nf3 e6 3. c4 d5 4. Nc3 Bb4 5. cxd5 exd5 6. Bf4 Ne4 7. Rc1 Nd7 8.
Nd2 Nxc3 9. bxc3 Bd6 10. Bxd6 cxd6 11. g3 O-O 12. Bg2 Nf6 13. Qb3 Qa5 14. O-O
Be6 15. Rc2 b5 16. Qb4 Qb6 17. a4 bxa4 18. Qxa4 Rfb8 19. Rfc1 a5 20. e3 Bf5 21.
Ra2 Rc8 22. h3 h5 23. c4 Ra7 24. Qa3 dxc4 25. Rxc4 Qd8 26. Rb2 Be6 27. Rxc8 Qxc8
28. Kh2 Qc7 29. Rb1 a4 30. Rc1 Qa5 31. Nc4 Bxc4 32. Rxc4 d5 33. Rc8+ Kh7 34. Bf1
Qd2 35. Bd3+ Ne4 36. Rc2 Qd1 37. Kg2 f5 38. Rc1 Qb3 39. Ra1 Qb6 40. Qf8 Qg6 41.
Rc1 Qf6 42. Qb8 Rf7 43. Rc8 Kg6 44. Qa8 Kh7 45. Rh8+ Kg6 46. Qxa4 Rf8 47. Rxf8
Qxf8 48. Qc6+ Nf6 49. Qe6 1-0

[Event "Julius Baer Rapid Div 3 W"]
[Site "chess.com INT"]
[Date "2023.08.31"]
[Round "3.2"]
[White "Mamedyarov, Shakhriyar"]
[Black "Bacrot, Etienne"]
[Result "1-0"]
[WhiteTitle "GM"]
[BlackTitle "GM"]
[WhiteElo "2734"]
[BlackElo "2660"]
[WhiteFideId "13401319"]
[BlackFideId "605506"]
[EventDate "2023.08.30"]
[EventType "k.o."]

1. d4 d5 2. c4 dxc4 3. e3 Nf6 4. Nf3 e6 5. Bxc4 a6 6. O-O c5 7. b3 cxd4 8. Nxd4
Be7 9. Bb2 O-O 10. Nd2 b5 11. Be2 Bb7 12. Rc1 h6 13. Bf3 Ra7 14. Qe2 Bxf3 15.
N2xf3 Rc7 16. Ne5 Bd6 17. Ng4 Nd5 18. g3 Bc5 19. Rfd1 Bxd4 20. Bxd4 Rxc1 21.
Rxc1 Nd7 22. Rc6 e5 23. Bb2 h5 24. Rd6 hxg4 25. Rxd5 Qc7 26. Qd1 Nb6 27. Rxe5
Rd8 28. Qxg4 f6 29. Qe6+ Qf7 30. Qxf7+ Kxf7 31. Rc5 Rd2 32. Bd4 Nd7 33. Rc7 Ke8
34. a4 bxa4 35. bxa4 Ra2 36. Rc4 Nf8 37. h4 Kd7 38. Bb6 Ne6 39. a5 Kd6 40. Kg2
Kd5 41. Rc8 g5 42. h5 g4 43. h6 Ng5 44. Rc5+ Ke4 45. Rxg5 fxg5 46. h7 Ra1 47.
h8=Q Rh1 48. Qd4+ 1-0

[Event "Julius Baer Rapid Div 3 W"]
[Site "chess.com INT"]
[Date "2023.08.31"]
[Round "3.2"]
[White "Giri, Anish"]
[Black "Le, Tuan Minh"]
[Result "1/2-1/2"]
[WhiteTitle "GM"]
[BlackTitle "GM"]
[WhiteElo "2760"]
[BlackElo "2559"]
[WhiteFideId "24116068"]
[BlackFideId "12401153"]
[EventDate "2023.08.30"]
[EventType "k.o."]

1. e4 e5 2. Nf3 Nc6 3. Bc4 Bc5 4. O-O d6 5. c3 Nf6 6. d3 a6 7. Bg5 h6 8. Bh4 Ba7
9. Nbd2 Qe7 10. b4 Be6 11. a4 Nb8 12. d4 Nbd7 13. Re1 O-O 14. h3 Bxc4 15. Nxc4
Qe6 16. Qd3 Nh5 17. Ne3 Nf4 18. Qc2 Rfe8 19. Nf5 Nf8 20. Bg3 N8g6 21. Rad1 Rad8
22. Kh1 Qf6 23. d5 Nh5 24. c4 Ne7 25. N3h4 Kh7 26. Nxe7 Qxe7 27. Nf5 Qf8 28. Bh4
Ra8 29. Qe2 g6 30. Qf3 a5 31. b5 Bc5 32. Rf1 Qg8 33. Ne3 Rf8 34. g4 Nf4 35. Kh2
Qg7 36. Bg3 Rae8 37. Rh1 Qf6 38. Ng2 Nxd5 39. Qb3 Nf4 40. Bxf4 exf4 41. f3 Re5
42. Rd5 b6 43. Rhd1 Rxd5 44. Rxd5 Re8 45. Qc2 Re5 46. Rd1 h5 47. Qd2 hxg4 48.
hxg4 g5 49. Ne1 Qh6+ 50. Kg2 Qh4 51. Kf1 1/2-1/2

[Event "Julius Baer Rapid Div 3 W"]
[Site "chess.com INT"]
[Date "2023.08.31"]
[Round "3.2"]
[White "Salinas Herrera, Pablo"]
[Black "Bok, Benjamin"]
[Result "1/2-1/2"]
[WhiteTitle "GM"]
[BlackTitle "GM"]
[WhiteElo "2460"]
[BlackElo "2621"]
[WhiteFideId "3407128"]
[BlackFideId "1017063"]
[EventDate "2023.08.30"]
[EventType "k.o."]

1. e4 e5 2. Nf3 Nc6 3. Bb5 Nf6 4. d3 Bc5 5. Bxc6 dxc6 6. Nc3 Qe7 7. Be3 Bb4 8.
h3 Nd7 9. Nd2 Nf8 10. Ne2 Ng6 11. O-O O-O 12. Nb3 Be6 13. c3 Bd6 14. Na5 Rfb8
15. Qd2 c5 16. a3 Qd7 17. Kh2 Bf8 18. Qc2 Qb5 19. b4 b6 20. Nb3 c4 21. dxc4 Bxc4
22. Rfe1 Bd3 23. Qb2 Bxe4 24. Ng3 Bxg2 25. Kxg2 Nh4+ 26. Kg1 Nf3+ 27. Kg2 Nh4+
28. Kg1 Nf3+ 29. Kh1 Qd7 30. Kg2 Nh4+ 31. Kf1 Qxh3+ 32. Ke2 Qg4+ 33. Kd3 Qg6+
34. Ke2 Qg4+ 35. Kd3 Qg6+ 36. Ke2 Qg4+ 1/2-1/2